Innovation, learning, and technological dynamism of developing countries

Bibliographic Details
Other Authors: Mani, Sunil, Romijn, Henny
Format: Book
Published: Tokyo New York : United Nations University Press , 2004.
Subjects:

MARC

LEADER 00000cam a2200000 7i4500
001 0000003288
005 20050819.0
020 0 0 |a 9280810979 (pbk.) 
090 0 0 |a 338.064091724   |b INN 
245 1 0 |a Innovation, learning, and technological dynamism of developing countries   |c edited by Sunil Mani and Henny Romijn. 
260 0 0 |a Tokyo   |a New York :   |b United Nations University Press ,   |c 2004. 
300 |a xvii, 242 p. ;   |c 24 cm. 
650 0 0 |a Technological innovations   |z Developing countries. 
700 1 1 |a Mani, Sunil. 
700 1 1 |a Romijn, Henny. 
999 |a 0000006236   |b Monograph   |c Open Shelf   |e Default branch